[Event "Indonesia Open"]
[Site "Jakarta INA"]
[Date "2011.10.14"]
[Round "2.11"]
[White "Guramishvili,S"]
[Black "Barbosa,O PHI"]
[Result "0-1"]
[WhiteElo "2359"]
[BlackElo "2538"]

1.c4 c6 2.Nc3 d5 3.e3 Nf6 4.Nf3 a6 5.d4 Bf5 6.Qb3 Ra7 7.cxd5 cxd5 8.Ne5 e6
9.Qa4+ Nfd7 10.g4 Bg6 11.h4 f6 12.Nxg6 hxg6 13.Bd3 f5 14.h5 Nc6 15.Rg1 Nf6
16.f3 b5 17.Qd1 gxh5 18.gxf5 e5 19.a4 b4 20.Ne2 Bd6 21.b3 Qc8 22.Bb2 e4 23.fxe4 dxe4
24.Bc4 Qxf5 25.Qd2 h4 26.O-O-O h3 27.Rdf1 Qc8 28.Kb1 h2 29.Rh1 Na5 30.Qc2 Rc7
31.Rxf6 gxf6 32.Qxe4+ Kd8 33.d5 Rf7 34.Nd4 Qh3 35.Ne6+ Kd7 36.Bxa6 Qh7 37.Bb5+ Ke7
38.Qxh7 Rfxh7 39.Nd4 Be5 40.Nf5+ Kd8 41.Bd4 Bxd4 42.Nxd4 Rg8 43.Nf3 Rg2 44.Bd3 Rh8
45.Bc2 Rf2 46.Nd4 Rg8  0-1

[Event "II Oliver Gonzalez Memorial"]
[Site "Madrid ESP"]
[Date "2011.10.14"]
[Round "7.73"]
[White "Nieto Esteban,M"]
[Black "Bento Iglesias,Pablo"]
[Result "1-0"]
[WhiteElo "1777"]
[BlackElo "1389"]

1.c4 c6 2.Nc3 Nf6 3.d4 d6 4.e4 Nbd7 5.Nf3 Qc7 6.Be2 g6 7.O-O Bg7 8.Be3 O-O
9.h3 a6 10.Qd2 c5 11.d5 Nb6 12.Bh6 e6 13.Bxg7 Kxg7 14.Rae1 e5 15.Nh2 Qe7
16.Bd3 Nh5 17.Ne2 Bd7 18.Ng4 Bxg4 19.hxg4 Nf6 20.g5 Nfd7 21.f4 exf4 22.Nxf4 Rh8
23.b3 h5 24.Bb1 Rh7 25.Nd3 Rah8 26.Qc3+ Kg8 27.e5 dxe5 28.Nxe5 Nxe5 29.Rxe5 Qd8
30.Rfe1 Kf8 31.Qe3 Kg7 32.Re7 Rf8 33.Qe4 Kg8 34.Qe3 Nd7 35.d6 Rg7 36.Qe4 Qc8
37.Qd5 a5 38.Be4 b6 39.Qb7 Qxb7 40.Bxb7 Rd8 41.Re8+ Rxe8 42.Rxe8+ Kh7 43.Bc6  1-0

[Event "Chigorin Memorial Open"]
[Site "St Petersburg RUS"]
[Date "2011.10.14"]
[Round "1.47"]
[White "Pogosian,Vl"]
[Black "Al Sayed,Mohamad"]
[Result "0-1"]
[WhiteElo "2166"]
[BlackElo "2519"]

1.c4 c6 2.g3 d5 3.Bg2 Nf6 4.Nf3 Bg4 5.cxd5 Bxf3 6.Bxf3 cxd5 7.Nc3 e6 8.Qb3 Qd7
9.d4 Nc6 10.Be3 Be7 11.Rc1 O-O 12.O-O Rfc8 13.Qa4 h6 14.a3 a6 15.b4 b5 16.Qb3 Ne8
17.Nxd5 exd5 18.Qxd5 Qxd5 19.Bxd5 Nd8 20.Bxa8 Rxa8 21.d5 Nd6 22.Bc5 N8b7
23.Rfd1 f5 24.f3 Bg5 25.Rc3 Rc8 26.Rdd3 Bf6 27.Rc2 Nc4 28.Bd4 Bxd4+ 29.Rxd4 Nbd6
30.h4 Re8 31.Rd3 Kf7 32.h5 Kf6 33.g4 fxg4 34.fxg4 Re4 35.Rf3+ Kg5 36.Kf2 Rxg4
37.Rh3 Ne4+ 38.Kf3 Kf5 39.Rh1 Rg3+  0-1

[Event "49th ch-IND NatA"]
[Site "Aurangabad IND"]
[Date "2011.10.15"]
[Round "7"]
[White "Sundararajan,K"]
[Black "Sriram,J"]
[Result "0-1"]
[WhiteElo "2474"]
[BlackElo "2410"]

1.c4 c6 2.Nf3 d5 3.g3 Nf6 4.Bg2 Bg4 5.Ne5 Be6 6.cxd5 Bxd5 7.Nf3 c5 8.Nc3 Bc6
9.O-O e6 10.d3 Be7 11.e4 O-O 12.Re1 b5 13.d4 b4 14.Na4 cxd4 15.e5 Nfd7 16.Nxd4 Bxg2
17.Kxg2 Nxe5 18.Rxe5 Nc6 19.Re4 e5 20.Nxc6 Qxd1 21.Nxe7+ Kh8 22.b3 Qd7 23.Rxe5 Rfe8
24.Bg5 f6  0-1

[Event "TCh-ROU Superliga 2011"]
[Site "Brasov ROU"]
[Date "2011.10.15"]
[Round "8.2"]
[White "Vasilescu,L"]
[Black "Cioara,A"]
[Result "1/2-1/2"]
[WhiteElo "2295"]
[BlackElo "2436"]

1.c4 c6 2.g3 d5 3.Bg2 Nf6 4.Nf3 Bg4 5.Ne5 Bf5 6.cxd5 cxd5 7.Nc3 Nc6 8.Qa4 Bd7
9.Nxd7 Qxd7 10.O-O e6 11.d3 Be7 12.e4 O-O 13.exd5 Nxd5 14.Nxd5 exd5 15.Bd2 Rfd8
16.Rfd1 Bf6 17.Bc3 Nd4 18.Qxd7 Rxd7 19.Kf1 g6 20.Rac1 Kg7 21.h4 h5 22.Re1 Nc6
23.Rc2 Rad8 24.Rce2 Nd4 25.Re8 Ne6 26.Rxd8 Rxd8 27.Rc1 Rd7 28.Bh3 Bxc3 29.bxc3 Rc7
30.Ke2 Rc5 31.Ke3 Kf6 32.Kd2 Ra5 33.Rc2 Ke7 34.Rb2 b6 35.Bg2 Kd6 36.d4 Ra3
37.Bf3 Nxd4 38.Bxh5 gxh5 39.cxd4 f5 40.Rc2 f4 41.gxf4 Rf3 42.Rc8 Rxf4 43.Ke3 Re4+
44.Kd3 Rxh4 45.Rh8 Rh3+ 46.Ke2 Ra3 47.Rh6+ Kc7 48.Rxh5 Rxa2+ 49.Ke3 Kc6 50.f4 Ra3+
51.Ke2 Rg3 52.Re5 a5 53.f5 Rg5 54.Ke3 a4 55.Kf4 Rg1 56.Re6+ Kb5 57.Re3 Kc4
58.f6 Rg8 59.Kf5 b5 60.f7 Rf8 61.Kf6 b4 62.Re8 Rxf7+ 63.Kxf7 a3 64.Ra8 Kxd4
65.Ke6 Kc4 66.Ke5 d4 67.Ke4 b3 68.Ra4+ Kc3 69.Rxa3 Kc2 70.Kxd4 b2  1/2-1/2

[Event "TCh-AUT 2 Ost 2011-12"]
[Site "Bruck AUT"]
[Date "2011.10.15"]
[Round "1"]
[White "Juhasz,Kr"]
[Black "Sadilek,P"]
[Result "1-0"]
[WhiteElo "2357"]
[BlackElo "2235"]

1.c4 c6 2.e4 d5 3.cxd5 cxd5 4.exd5 Nf6 5.Nc3 Nxd5 6.Nf3 Nc6 7.Bb5 e6 8.O-O Be7
9.d4 O-O 10.Re1 a6 11.Bxc6 bxc6 12.Ne4 Qb6 13.Ne5 c5 14.b3 cxd4 15.Bb2 Nc3
16.Nxc3 dxc3 17.Bxc3 Bb4 18.Nc4 Qb7 19.Rc1 Bxc3 20.Rxc3 Qb4 21.Rg3 Bb7 22.Qa1 f6
23.Rxe6 Rae8 24.Rxe8 Rxe8 25.Re3 Rd8 26.h3 Bd5 27.Qd1 Rd7 28.Re8+ Kf7 29.Rh8  1-0

[Event "Mitropa Cup"]
[Site "Merlimont FRA"]
[Date "2011.10.15"]
[Round "8.2"]
[White "Demuth,A"]
[Black "Kreisl,R"]
[Result "1/2-1/2"]
[WhiteElo "2440"]
[BlackElo "2402"]

1.c4 c6 2.e4 d5 3.cxd5 cxd5 4.exd5 Nf6 5.Qa4+ Nbd7 6.Nc3 g6 7.Nf3 Bg7 8.Bc4 O-O
9.d3 a6 10.Qa3 b6 11.O-O Bb7 12.Re1 Re8 13.Ng5 Rc8 14.d6 e6 15.Nge4 Nxe4
16.Nxe4 Bxe4 17.Rxe4 b5 18.Bb3 Nc5 19.Be3 Qxd6 20.Bxc5 Rxc5 21.Rd1 Rc6 22.Qxd6 Rxd6
23.a4 Red8 24.axb5 axb5 25.Bc2 Rc8 26.Bb3 Rcd8 27.Bc2 Bd4 28.Bb1 b4 29.Bc2 b3
30.Bxb3 Rb8 31.Bc4 Rxb2 32.Rf4 Kg7 33.g4 f6 34.Re1 e5 35.Rf3 Rdb6 36.Kg2 Rc2
37.Bd5 Rbb2 38.Rf1 Rb5 39.Be4 Rbb2 40.Bd5 Rb6 41.Be4  1/2-1/2

[Event "Schachbundesliga 2011-12"]
[Site "Muelheim GER"]
[Date "2011.10.15"]
[Round "2"]
[White "Uhlmann,W"]
[Black "Appel,R"]
[Result "1/2-1/2"]
[WhiteElo "2379"]
[BlackElo "2529"]

1.c4 c6 2.d4 d5 3.Nf3 Nf6 4.Nc3 g6 5.cxd5 cxd5 6.Bf4 Bg7 7.e3 O-O 8.Bd3 Nc6
9.h3 b6 10.O-O Bb7 11.Rc1 e6 12.a3 Qe7 13.Ne5 Rfc8 14.Qe2 Nxe5 15.Bxe5 Ne4
16.Bxe4 dxe4 17.Bxg7 Kxg7 18.Qb5 Bc6 19.Qe5+ f6 20.Qg3 Rd8 21.Rc2 Qd6 22.Qxd6 Rxd6
23.Rfc1 Rad8 24.Ne2 Bb7 25.h4 Kf7 26.Kh2 h6 27.Kg3 R6d7 28.Nc3 g5 29.a4 Kg6
30.a5 Ba6 31.axb6 Bd3 32.Rd2 axb6 33.f3 Rc8 34.Rh1 f5 35.fxe4 fxe4 36.Rf2 Ra8
37.hxg5 hxg5 38.Kg4 Ra5 39.Rf8 Rf5 40.Rhh8 Rdf7 41.Re8 Rf2 42.Rxe6+ Kg7 43.Rh2 b5
44.Kxg5 R7f5+ 45.Kg4 Rf6 46.Rxf6 Kxf6 47.Nd5+ Kg7 48.b4 Bc4 49.Nf4 Rb2 50.Kf5 Rxb4
51.Kxe4 Ra4 52.Rh5 b4 53.Rg5+ Kh7 54.Rc5 b3 55.Rc7+ Kh6 56.Rb7 Ra2 57.d5 Rd2
58.Kf5 Bxd5 59.Nxd5 Rxd5+ 60.Kf4 Rd2 61.Rxb3 Rxg2 62.Rb7 Kg6 63.Ke5 Rg5+
64.Ke6 Rg4 65.Rb5 Ra4 66.Rb6 Re4+ 67.Kd5+ Kf5 68.Rb3 Re8 69.Kd6 Ke4  1/2-1/2

[Event "TCh-ROU Superliga 2011"]
[Site "Brasov ROU"]
[Date "2011.10.16"]
[Round "9.1"]
[White "Grecescu,G"]
[Black "Mateuta,G"]
[Result "1/2-1/2"]
[WhiteElo "2423"]
[BlackElo "2507"]

1.c4 c6 2.Nf3 d5 3.b3 Bg4 4.Ne5 Bf5 5.Bb2 e6 6.e3 Nd7 7.Nxd7 Qxd7 8.Be2 Nf6
9.O-O Be7 10.d4 O-O 11.Nd2 Ne4 12.Nxe4 Bxe4 13.Bd3 Bxd3 14.Qxd3 a5 15.a4 Bb4
16.e4 Rad8 17.Rad1  1/2-1/2

[Event "TCh-AUT 2 Ost 2011-12"]
[Site "Bruck AUT"]
[Date "2011.10.16"]
[Round "2"]
[White "Todor,R"]
[Black "Wiedner,R"]
[Result "1/2-1/2"]
[WhiteElo "2199"]
[BlackElo "2132"]

1.c4 c6 2.Nc3 Nf6 3.Nf3 e6 4.g3 d5 5.d4 Nbd7 6.Bg2 Be7 7.O-O dxc4 8.a4 Qa5
9.Bd2 Bb4 10.e4 Nb6 11.Qe2 Bd7 12.Ne5 Rd8 13.Nxc4 Nxc4 14.Qxc4 O-O 15.Rfd1 e5
16.d5 Rfe8 17.Bg5 Be7 18.Bxf6 Bxf6 19.b4 Qc7 20.Rd3 Qb8 21.Rad1 Rc8 22.Qb3 Be7
23.Qb2 Bf8 24.dxc6 Bg4 25.Bf3 Bxf3 26.Rxf3 bxc6 27.b5 Qb7 28.Qa2 cxb5 29.Nxb5 Red8
30.Rxd8  1/2-1/2

[Event "Schachbundesliga 2011-12"]
[Site "Muelheim GER"]
[Date "2011.10.16"]
[Round "3"]
[White "Ragger,M"]
[Black "Buhmann,R"]
[Result "1/2-1/2"]
[WhiteElo "2655"]
[BlackElo "2606"]

1.c4 c6 2.e4 d5 3.exd5 cxd5 4.d4 Nf6 5.Nc3 Nc6 6.Bg5 dxc4 7.Bxc4 h6 8.Bh4 Qxd4
9.Qxd4 Nxd4 10.O-O-O e5 11.f4 Bg4 12.Nf3 Bxf3 13.gxf3 Rc8 14.Bf1 Nd5 15.fxe5 Nxc3
16.bxc3 Ba3+ 17.Kb1 Ne6 18.Bb5+ Kf8 19.Bd7 Rb8 20.Bxe6 fxe6 21.Rd7 g5 22.Bf2 Ke8
23.Rhd1 Rf8 24.Bxa7 Rc8 25.Rh7 Rxf3 26.Bd4 Bc5 27.Rxh6 Bxd4 28.Rxd4 Rc6 29.Rh8+ Kf7
30.Rd7+ Kg6 31.Rg8+ Kh6 32.Rdg7 Rfxc3 33.Rg6+ Kh7 34.R8g7+ Kh8 35.Rxb7 Rc1+
36.Kb2 R1c2+ 37.Kb3 R2c3+ 38.Ka4 Ra6+ 39.Kb4 Rc2 40.Rh6+ Kg8 41.Rg6+ Kh8
42.Rh6+ Kg8 43.Rg6+  1/2-1/2

[Event "Chigorin Memorial Open"]
[Site "St Petersburg RUS"]
[Date "2011.10.17"]
[Round "4.37"]
[White "Gubernatorov,S"]
[Black "Obolenskikh,D"]
[Result "1/2-1/2"]
[WhiteElo "2311"]
[BlackElo "2500"]

1.c4 c6 2.e4 e5 3.Nf3 d6 4.d4 Nd7 5.Nc3 Ngf6 6.Be2 Be7 7.O-O O-O 8.Re1 a6
9.a3 Re8 10.b4 Qc7 11.Bb2 b6 12.dxe5 dxe5 13.Bf1 Bb7 14.Qb3 Nf8 15.Rad1 Rad8
16.c5 Ng6 17.Bc4 Rf8 18.cxb6 Qxb6 19.Na4 Qc7 20.Rxd8 Bxd8 21.Nc5 a5 22.bxa5 Bc8
23.a6 Be7 24.Nd3 Bd6 25.h3 h6 26.Bc3 Nd7 27.Bb4 c5 28.Bc3 Qa7 29.Rb1 Bxa6
30.Qa4 Ra8 31.Nd2 Nb6 32.Qxa6 Qxa6 33.Bxa6 Rxa6 34.Rb5 f6 35.Ra5 Rxa5 36.Bxa5 c4
37.Bxb6 cxd3 38.a4 Nf8 39.Kf1 Nd7 40.Be3 Bb4 41.Nb3 Kf7 42.a5 Nb8 43.Bc5 Bc3
44.g4 Na6 45.Be3 Ke6 46.Bd2 Bxd2 47.Nxd2 Kd6 48.Nb3 Nc5 49.Nxc5 Kxc5 50.Ke1 Kb5
51.Kd2 Kxa5 52.Kxd3 Kb4 53.h4 g6 54.f3 Kb3 55.Kd2 Kc4 56.Kc2 Kd4 57.Kd2 h5
58.gxh5 gxh5 59.Ke2 Kc3 60.Ke3 Kc2  1/2-1/2

[Event "5th SPICE Cup GpC"]
[Site "Lubbock USA"]
[Date "2011.10.19"]
[Round "9"]
[White "Bartholomew,J"]
[Black "Herman,Ma"]
[Result "1-0"]
[WhiteElo "2440"]
[BlackElo "2414"]

1.c4 c6 2.Nf3 d5 3.e3 Nf6 4.Nc3 e6 5.Qc2 Nbd7 6.b3 Bd6 7.Bb2 O-O 8.Be2 a6
9.d4 b5 10.O-O Bb7 11.e4 b4 12.e5 bxc3 13.Bxc3 Be7 14.exf6 Bxf6 15.cxd5 cxd5
16.Qd2 a5 17.Bb5 Nb8 18.Ne5 Qb6 19.a4 Rd8 20.Rfd1 Bxe5 21.dxe5 Nc6 22.Rac1 d4
23.Bb2 Nxe5 24.Bxd4 Qd6 25.Bc3 Bd5 26.Bxa5 Ng4 27.Bc7 Qe7 28.Bxd8 Rxd8 29.Qf4 f5
30.h3 Nh6 31.Bc4 g5 32.Qe5 Nf7 33.Qe2 Qf6 34.Bxd5 exd5 35.Qb5 d4 36.Rc5 f4
37.Rd5 Re8  1-0

[Event "Chigorin Memorial Open"]
[Site "St Petersburg RUS"]
[Date "2011.10.19"]
[Round "6.95"]
[White "Rjanova,V"]
[Black "Gudkina,Zhanna"]
[Result "1-0"]
[WhiteElo "2187"]
[BlackElo "1781"]

1.c4 c6 2.g3 d5 3.Bg2 Nf6 4.Qc2 a6 5.d3 Bf5 6.b3 e6 7.Nf3 Be7 8.Nh4 Bg6 9.Bb2 Qb6
10.O-O Nbd7 11.Nd2 Ng4 12.Bxg7 Rg8 13.Nxg6 hxg6 14.Bb2 Bc5 15.d4 Bxd4 16.Bxd4 Qxd4
17.Rad1 Qe5 18.cxd5 cxd5 19.e4 Qh5 20.h3 Rh8 21.exd5 exd5 22.Rfe1+ Nge5 23.f4 Kf8
24.fxe5 Nxe5 25.Qc5+ Kg7 26.Qxd5 Rhe8 27.g4 Qg5 28.Nf3 Nxf3+ 29.Qxf3 Qc5+
30.Qf2 Qc7 31.Rf1 Re7 32.Qd4+ Kg8 33.Qd6 Qxd6 34.Rxd6 Rc8 35.Rf2 Kg7 36.Rfd2 Rcc7
37.Kf2 Kf8 38.Rd8+ Kg7 39.Re2 Red7 40.Rxd7 Rxd7 41.Ke3 Kf8 42.h4 Kg7 43.Rd2 Re7+
44.Kf4 Rc7 45.Be4  1-0

[Event "ch-CRC 2011"]
[Site "San Jose CRC"]
[Date "2011.10.20"]
[Round "3"]
[White "Castillo,Rom"]
[Black "Murillo,Alex"]
[Result "1/2-1/2"]
[WhiteElo "2129"]
[BlackElo "2301"]

1.c4 c6 2.Nc3 d5 3.cxd5 cxd5 4.d4 Nf6 5.Nf3 Nc6 6.g3 e6 7.Bg2 Be7 8.O-O O-O
9.Bf4 a6 10.Rc1 Bd7 11.h3 Qa5 12.g4 Rfc8 13.a3 Qd8 14.Qd3 Be8 15.b4 Na7 16.Nd2 a5
17.Rb1 axb4 18.axb4 Nc6 19.b5 Nb4 20.Qg3 Na2 21.Nxa2 Rxa2 22.Qd3 Ra3 23.Rb3 Rxb3
24.Qxb3 Qb6 25.e3 Qxb5 26.Qxb5 Bxb5 27.Rb1 Bc6 28.Nb3 Bd8 29.Nc5 Bc7 30.Bxc7 Rxc7
31.Rc1 Ne8 32.Bf1 g5 33.Rb1 Nd6 34.f3 Rc8 35.Rb6 Kf8 36.Bd3 Ke7 37.e4 Rc7
38.Kf2 h6 39.Ke3 Kd8 40.e5 Nc8 41.Rb2 b6 42.Na6 Ra7 43.h4 Bb7 44.Nb4 Ra3
45.Nc2 Rc3 46.Kd2 Rc7 47.Rb1 f6 48.exf6 Rf7 49.hxg5 hxg5 50.f4 Rxf6 51.fxg5 Rf2+
52.Ke3 Rh2 53.g6 Rh3+ 54.Kd2 Ke8 55.Bb5+ Kf8 56.Rf1+ Kg8 57.Rf7 Nd6 58.Rd7 Nxb5
59.Rxb7 Nd6 60.Re7 Nc4+ 61.Ke2 Rc3 62.Kd1 Rd3+ 63.Ke1 Rc3 64.Kd1 Rd3+ 65.Ke1 Rg3
66.Rxe6 Rxg4 67.Rc6 Kg7 68.Nb4 Ne3 69.Rxb6 Rxd4 70.Ke2 Nf5 71.Nd3 Rh4 72.Kf3 Rh3+
73.Kf4 Rxd3 74.Kxf5 Rf3+ 75.Ke5  1/2-1/2

[Event "Chigorin Memorial Open"]
[Site "St Petersburg RUS"]
[Date "2011.10.20"]
[Round "7.104"]
[White "Kostyuchenko,V"]
[Black "Kanakin,K"]
[Result "0-1"]
[WhiteElo "2107"]
[BlackElo "1944"]

1.c4 c6 2.Nc3 d5 3.cxd5 cxd5 4.d4 Nf6 5.Nf3 Nc6 6.Bf4 Qb6 7.a3 Bf5 8.b4 e6
9.e3 Nxb4 10.Bb5+ Nc6 11.O-O Be7 12.Ne5 O-O 13.Bxc6 bxc6 14.g4 Bg6 15.g5 Nh5
16.Nd7 Qd8 17.Nxf8 Nxf4 18.exf4 Bxf8 19.Ne2 Bd6 20.Qc1 Bd3 21.Qxc6 Bxe2  0-1

[Event "Chigorin Memorial Open"]
[Site "St Petersburg RUS"]
[Date "2011.10.21"]
[Round "8.101"]
[White "Prikhodko,A"]
[Black "Shurunov,An"]
[Result "1-0"]
[WhiteElo "2214"]
[BlackElo "2037"]

1.c4 c6 2.e4 d5 3.exd5 cxd5 4.d4 Nf6 5.Nc3 e6 6.Nf3 Bb4 7.Bd3 O-O 8.O-O dxc4
9.Bxc4 b6 10.Bg5 Bb7 11.Qe2 Nbd7 12.Rfe1 Re8 13.Ne5 Bxc3 14.bxc3 Qc7 15.Bb5 Rf8
16.Nxd7 Nxd7 17.Qg4 Kh8 18.Re3 a6 19.Rh3 f5 20.Qh4 Nf6 21.Bc4 Rae8 22.Re1 Bc8
23.Bb3 e5 24.dxe5 Rxe5 25.Rxe5 Qxe5 26.Re3 Qd6 27.Qd4 Qxd4 28.cxd4 Ne4 29.Bf4 Bb7
30.f3 Nf6 31.Re6 Nd5 32.Be5 Rd8 33.h4 b5 34.h5 a5 35.Bxd5 Bxd5 36.Re7 Kg8
37.Rxg7+ Kf8 38.Rxh7 Bf7 39.h6  1-0

[Event "XXIX Balaton Open A"]
[Site "Heviz HUN"]
[Date "2011.10.22"]
[Round "5"]
[White "Szurovszky,E"]
[Black "Zilahi,G"]
[Result "1-0"]
[WhiteElo "2124"]
[BlackElo "2022"]

1.c4 c6 2.b3 Nf6 3.Bb2 d5 4.Nf3 Bf5 5.d3 e6 6.Nh4 Bg6 7.Nxg6 hxg6 8.g3 Nbd7
9.Bg2 Qb6 10.e3 dxc4 11.dxc4 Rd8 12.Qc2 Nc5 13.O-O Nd3 14.Bd4 c5 15.Bc3 Nb4
16.Qe2 Be7 17.Nd2 Qc7 18.Ne4 Nxe4 19.Bxe4 Bf6 20.Bxf6 gxf6 21.Qf3 f5 22.Bxb7 Rb8
23.a3 Rxb7 24.axb4 cxb4 25.Ra6 O-O 26.Rd1 Rb6 27.Ra4 Rfb8 28.h4 Kg7 29.Rda1 R8b7
30.Ra5 Rd6 31.c5 Rd5 32.e4 fxe4 33.Qxe4 Qc6 34.Qc4 Rbd7 35.Rf1 Rd4 36.Qb5 Qf3
37.Qb8 Rd1 38.Ra1 Rxf1+ 39.Rxf1 Qd5 40.Qxb4 Rb7 41.Qc3+ Kh7 42.b4 a5 43.bxa5 e5
44.Rc1 e4 45.c6 Rc7 46.Qc4 Qd2 47.a6 Qb2 48.Qc3 Qb6 49.Qc4 e3 50.fxe3 Qxe3+
51.Kg2 Qd2+ 52.Kh3 Qd6 53.Rc2 Qf6 54.Kh2 Qf5 55.a7 Rxa7 56.c7 Qc8 57.Qxf7+ Kh8
58.h5 gxh5 59.Rc5  1-0

[Event "TCh-SUI 2011"]
[Site "Lausanne SUI"]
[Date "2011.10.22"]
[Round "8.8"]
[White "Landenbergue,C"]
[Black "Gruenenwald,J"]
[Result "1-0"]
[WhiteElo "2398"]
[BlackElo "2331"]

1.c4 c6 2.e4 e5 3.Nf3 Nf6 4.Nc3 Bb4 5.Be2 d6 6.Qc2 a5 7.O-O Bg4 8.Na4 Nbd7
9.Rd1 O-O 10.d4 Bxf3 11.gxf3 exd4 12.Rxd4 Qe7 13.Be3 Ne8 14.Rad1 b6 15.f4 Bc5
16.Nxc5 Nxc5 17.Bf3 Rc8 18.b3 Qh4 19.f5 Qf6 20.Qd2 h6 21.Bf4 Nb7 22.Bg2 Kh7
23.Bg3 Rg8 24.f4 Kh8 25.Qf2 Nc5 26.Kh1 g6 27.Bh3 gxf5 28.Bxf5 Ra8 29.Bh4 Qg7
30.Be7 Nb7 31.Bh4 Nc5 32.Qf3 Ne6 33.R4d2 Ra7 34.Bh3 c5 35.Rg2 Nd4 36.Qc3 Qf8
37.Bf2 Rxg2 38.Bxg2 Qg7 39.Bxd4 cxd4 40.Qxd4 Qxd4 41.Rxd4 Kg7 42.Rd5 Rb7
43.Bf3 Rb8 44.Kg2 Rc8 45.Kf2 Rc5 46.Ke3 Rxd5 47.cxd5 f6 48.Kd4 Kf8 49.h4 Ke7
50.Bg4 Nc7 51.Bc8 Nb5+ 52.Kd3 Nc7 53.a4 Kd8 54.Bb7 Kd7 55.Ke3 Ke7 56.Kd4 Ne8
57.Bc6 Ng7 58.Bb5 Nh5 59.Ke3 Ng7 60.Be2 Ne8 61.Kd4 Nc7 62.Bb5 Kf7 63.e5 fxe5+
64.fxe5 Ke7 65.Ke4 Na8 66.Kf5 Nc7 67.Bc4 dxe5 68.Kxe5 Ne8 69.Kf5 Nd6+ 70.Kg6 Nf7
71.Kg7 Ke8 72.Kf6  1-0

[Event "TCh-SVK Extraliga 2011-12"]
[Site "Slovakia SVK"]
[Date "2011.10.22"]
[Round "1"]
[White "Dudas,Jan1"]
[Black "Podoba,M"]
[Result "1-0"]
[WhiteElo "2211"]
[BlackElo "2157"]

1.c4 c6 2.Nf3 d5 3.d4 Nf6 4.Qb3 Qb6 5.c5 Qxb3 6.axb3 Bf5 7.Nc3 Nbd7 8.b4 e6
9.b5 Be7 10.bxc6 bxc6 11.Bf4 Nh5 12.Bc7 O-O 13.h3 Rfc8 14.Bh2 Nhf6 15.b4 Bd8
16.e3 a5 17.b5 cxb5 18.Bxb5 Bc7 19.Bc6 Rab8 20.Bxd7 Nxd7 21.Bxc7 Rxc7 22.Rxa5 Rb3
23.Ra8+ Nf8 24.Nd1 Bd3 25.Ne5 Bb5 26.Kd2 f6 27.Kc2 Rb4 28.Nd3 Ba4+ 29.Kd2 Rc4
30.N3b2 Bc6 31.Rb8  1-0

[Event "Chigorin Memorial Open"]
[Site "St Petersburg RUS"]
[Date "2011.10.22"]
[Round "9.17"]
[White "Maletin,P"]
[Black "Antipov,M2"]
[Result "1-0"]
[WhiteElo "2579"]
[BlackElo "2412"]

1.c4 c6 2.Nf3 d5 3.g3 Nf6 4.Bg2 dxc4 5.O-O Nbd7 6.Qc2 Nb6 7.Na3 Qd5 8.Ne1 Qe6
9.d3 cxd3 10.Nxd3 Nfd7 11.e4 Qd6 12.Be3 e6 13.Qc3 Na4 14.Qc2 Nxb2 15.Nxb2 Qxa3
16.Nc4 Qa6 17.Rfd1 b5 18.Nd6+ Bxd6 19.Rxd6 O-O 20.Rxc6 Nb6 21.Qb3 Bb7 22.Rc5 Nc4
23.Rxb5 Bc6 24.Rc5 Nxe3 25.Qxe3 Bb7 26.Rb1 Rac8 27.Bf1 Qd6 28.Rxc8 Bxc8 29.Qxa7 Bd7
30.a4 Bc6 31.Qb6 Qd7 32.Bb5 Bxb5 33.Qxb5 Qd4 34.Qb4 Qd3 35.a5 h5 36.h4 Rc8
37.Ra1 Rc6 38.Qa4 Qa6 39.Rb1 Rc8 40.Qb5 Qd6 41.Qb7 Rc5 42.a6 Ra5 43.a7 Qa3
44.Rb5 Rxa7 45.Qb8+ Kh7 46.Rxh5+ Kg6 47.Qh8 Ra5 48.Rh7 Qa1+ 49.Kg2 Qd4 50.Rh6+  1-0

[Event "1st Central Asia Cup"]
[Site "Tashkent UZB"]
[Date "2011.10.22"]
[Round "5.22"]
[White "Artemenko,O"]
[Black "Gevorgyan,I"]
[Result "1/2-1/2"]
[WhiteElo "2327"]
[BlackElo "2122"]

1.c4 c6 2.e4 e6 3.d4 d5 4.Nc3 Bb4 5.cxd5 exd5 6.e5 Bf5 7.Nf3 Ne7 8.Be2 Nd7
9.O-O O-O 10.a3 Ba5 11.Bg5 f6 12.exf6 Nxf6 13.Qb3 Bb6 14.Rfe1 Ng6 15.Na4 Bg4
16.Nxb6 Qxb6 17.Qxb6 axb6 18.h3 Bxf3 19.Bxf3 Kf7 20.Rad1 Rfe8 21.Rxe8 Rxe8
22.g3 Ne4 23.Bc1 Nd6 24.h4 Ne7 25.Bg4 Nef5 26.Bf4  1/2-1/2

[Event "TCh-BEL 2011-12"]
[Site "Belgium BEL"]
[Date "2011.10.23"]
[Round "2.1"]
[White "Leenhouts,K"]
[Black "Hovhanisian,M"]
[Result "0-1"]
[WhiteElo "2387"]
[BlackElo "2496"]

1.c4 c6 2.Nf3 d5 3.cxd5 cxd5 4.d4 Nf6 5.Bf4 Nc6 6.Nc3 a6 7.e3 Bg4 8.Qb3 Na5
9.Qc2 Bxf3 10.gxf3 e6 11.Rg1 Rc8 12.Bd3 b5 13.Rc1 Nh5 14.Be5 Nc4 15.Qb3 Nxe5
16.dxe5 d4 17.Rd1 Qa5 18.exd4 Bb4 19.Kd2 Nf4 20.Be4 Rc4 21.Rg4 g5 22.Rxg5 Qd8
23.Rg4 Qxd4+ 24.Kc2 Qxe5 25.Bd3 Nxd3 26.Rxc4 bxc4 27.Qxc4 Ne1+ 28.Rxe1 Qxe1
29.Qc8+ Ke7 30.Qxh8 Qxf2+ 31.Kb3 Bxc3 32.Qxc3 Qxh2 33.Qd3 Qb8+ 34.Kc2 Qc7+
35.Kb3 Qb6+ 36.Kc2 Qc5+ 37.Kb1 Qd5 38.Qe2 h5 39.a4 a5 40.Qa6 h4 41.Qa7+ Kf6
42.Qf2 Qf5+ 43.Ka2 h3 44.Qh4+ Ke5 45.Qg3+ Kd4 46.Qf2+ Kd3 47.Ka3 Qh5 48.Qf1+ Ke3
49.Qc1+ Kf2 50.Qd2+ Kg3 51.Qe1+ Kf4 52.Qd2+ Kf5 53.Qd3+ Kf6 54.Qd4+ e5  0-1

[Event "33rd Arco Open"]
[Site "Arco ITA"]
[Date "2011.10.24"]
[Round "3"]
[White "Hilbenz,G"]
[Black "Molina,Fa"]
[Result "1/2-1/2"]
[WhiteElo "1924"]
[BlackElo "2258"]

1.c4 c6 2.g3 d5 3.Bg2 dxc4 4.Na3 g6 5.Nxc4 Bg7 6.Nf3 Be6 7.Qc2 Nd7 8.d3 h6
9.Bd2 Ngf6 10.Rb1 O-O 11.b4 Rc8 12.O-O b5 13.Na5 c5 14.Rfc1 cxb4 15.Qxc8 Qxc8
16.Rxc8 Rxc8 17.Nd4 Bxa2 18.Rxb4 a6 19.Bb7 Rc7 20.Rb2 Nc5 21.Bxa6 Nxa6 22.Rxa2 Nd5
23.Nxb5 Rc5 24.Nc4 Ndb4 25.Bxb4 Nxb4 26.Ra8+ Kh7 27.Nba3 Rf5 28.Ra5 Rxa5
29.Nxa5 h5 30.Nb3 Kg8 31.d4 e5 32.Nb5 exd4 33.N5xd4 Kf8 34.Kg2 Ke7 35.e4 Nd3
36.f4 h4 37.Kf3 hxg3 38.hxg3 Nb2 39.e5 Nc4 40.Ke4 Nb6 41.g4 Bf8 42.Nd2 Kd7
43.Nf1 Bc5 44.Ne3 Bxd4 45.Kxd4 Ke6 46.f5+ gxf5 47.gxf5+ Kd7 48.Kc5 Na4+ 49.Kb4 Nb2
50.Kc3 Na4+ 51.Kd4 Nb6 52.Ng4 Ke7 53.Nf6 Na4 54.Kd5 Nc3+ 55.Kc6 Ne2 56.Nd5+ Ke8
57.Kd6 Nd4 58.f6 Kd8 59.Nf4 Ke8 60.e6 fxe6 61.Nxe6 Kf7 62.Nxd4  1/2-1/2

[Event "1st Central Asia Cup"]
[Site "Tashkent UZB"]
[Date "2011.10.24"]
[Round "7.4"]
[White "Kvon,A"]
[Black "Saidov,B"]
[Result "1/2-1/2"]
[WhiteElo "2486"]
[BlackElo "2350"]

1.c4 c6 2.Nf3 d5 3.e3 Nf6 4.Nc3 a6 5.b3 Bg4 6.Be2 Nbd7 7.h3 Bxf3 8.Bxf3 e6
9.O-O Bd6 10.d4 O-O 11.Bb2 Qe7 12.a3 Rfd8 13.Re1 Nf8 14.e4 dxe4 15.Nxe4 Nxe4
16.Bxe4 Qg5 17.Qg4 Qxg4 18.hxg4 Be7 19.Rad1 Bf6 20.g5 Bxg5 21.d5 cxd5 22.cxd5 a5
23.dxe6 fxe6 24.a4 Bd2 25.Re2 Bf4 26.Rxd8 Rxd8 27.g3 Bd6 28.Rd2 Rd7 29.Bc3 b6
30.Bc6 Rd8 31.Be5 Bc7 32.Rxd8 Bxd8 33.Be8 Bf6 34.Bd6 Bd4 35.Kf1 e5 36.Bxf8  1/2-1/2

[Event "1st Central Asia Cup"]
[Site "Tashkent UZB"]
[Date "2011.10.25"]
[Round "7.2"]
[White "Filippov,An UZB"]
[Black "Akkozov,B"]
[Result "1-0"]
[WhiteElo "2606"]
[BlackElo "2368"]

1.c4 c6 2.e4 d5 3.cxd5 cxd5 4.exd5 Nf6 5.Nc3 Nxd5 6.Nf3 e6 7.d4 Be7 8.Bd3 Nc6
9.O-O O-O 10.a3 Bf6 11.Bc2 Nxc3 12.bxc3 Ne7 13.h4 Qa5 14.Ng5 Nf5 15.Qd3 b6
16.Rd1 Ba6 17.Qh3 Rac8 18.Bd2 Be2 19.Re1 Bc4 20.Ne4 Be7 21.h5 Nd6 22.Bf4 Nxe4
23.Rxe4 Kh8 24.Re3 Qb5 25.Rb1 Qd7 26.a4 h6 27.Rg3 Bd6 28.Bxd6 Qxd6 29.Qg4 Rg8
30.Re1 f5 31.Qd1 Rgf8 32.Qd2 Rc6 33.Rge3 Kh7  1-0

[Event "33rd Arco Open"]
[Site "Arco ITA"]
[Date "2011.10.26"]
[Round "5"]
[White "Lezzerini,Marco"]
[Black "Trimarchi,Giuseppe"]
[Result "1-0"]
[WhiteElo "1797"]
[BlackElo "1923"]

1.c4 c6 2.g3 g6 3.Bg2 Bg7 4.Nc3 Nf6 5.e4 d6 6.Nge2 Nbd7 7.O-O O-O 8.d3 a5
9.h3 Ne8 10.Be3 Nc7 11.Qd2 c5 12.Bh6 Ne5 13.Bxg7 Kxg7 14.f4 Nc6 15.f5 f6
16.g4 g5 17.Kf2 Nd4 18.Rh1 h6 19.Bf3 e6 20.Rh2 d5 21.cxd5 exd5 22.Rah1 Nxf3
23.Kxf3 dxe4+ 24.Nxe4 b6 25.h4 Rh8 26.hxg5 fxg5 27.Qc3+ Kf7 28.Rxh6 Rxh6
29.Rxh6 Qg8 30.Qf6+ Ke8 31.Rh8 Qxh8 32.Qxh8+ Kd7 33.Qh6 Bb7 34.Qxb6 Bc6 35.Kf2 Bxe4
36.dxe4 Re8 37.Nc3 Re5 38.Nb5 Nxb5 39.Qxb5+ Kd6 40.Qb8+  1-0

[Event "26th Le Touquet Open"]
[Site "Le Touquet FRA"]
[Date "2011.10.26"]
[Round "6.12"]
[White "Bianchi,Guilla"]
[Black "Dehesdin,W"]
[Result "1-0"]
[WhiteElo "2202"]
[BlackElo "2128"]

1.c4 c6 2.e4 d5 3.exd5 cxd5 4.cxd5 Qxd5 5.Nc3 Qa5 6.Bc4 Nf6 7.Qb3 e6 8.Nf3 a6
9.d4 Bd6 10.Bd2 Qf5 11.O-O O-O 12.a3 Nc6 13.Qd1 e5 14.d5 Nd4 15.Nh4 Qd7 16.Bg5 Ng4
17.h3 h6 18.Be3 Qe7 19.hxg4 Qxh4 20.Ne4 Bxg4 21.f3 Nxf3+ 22.gxf3 Bh3 23.Qe1 Be7
24.Qxh4 Bxh4 25.Rfd1 b5 26.Bb3 a5 27.Rac1 a4 28.Ba2 f5 29.d6+ Kh7 30.Nf2 f4
31.Bb6 Bf5 32.Bb1 Ra6 33.Bc7 Bxb1 34.Rxb1 Bd8 35.Rbc1 Kg6 36.d7 Kf5 37.Bxd8 Rxd8  1-0

[Event "26th Le Touquet Open"]
[Site "Le Touquet FRA"]
[Date "2011.10.26"]
[Round "7.32"]
[White "Gaubert,V"]
[Black "Brault,J"]
[Result "1/2-1/2"]
[WhiteElo "1728"]
[BlackElo "1849"]

1.c4 c6 2.g3 d5 3.b3 Nf6 4.Bg2 Bf5 5.Nf3 h6 6.O-O e6 7.d3 Be7 8.Bb2 O-O 9.Nbd2 Bh7
10.a3 a5 11.Bc3 Na6 12.Qc1 b5 13.Nd4 Qb6 14.Rb1 b4 15.axb4 axb4 16.Ba1 Nc5
17.Nc2 Rfe8 18.Nf3 Ra2 19.Ne5 Ncd7 20.Rb2 Rea8 21.Rxa2 Rxa2 22.Qb1 Ra8 23.Bd4 Bc5
24.Bxc5 Nxc5 25.Qb2  1/2-1/2